Design and Development of Preheater Cum Roaster for Makhana Processing (Record no. 50233)

MARC details
000 -LEADER
fixed length control field 00453nam a22001577a 4500
003 - CONTROL NUMBER IDENTIFIER
control field OSt
008 - FIXED-LENGTH DATA ELEMENTS--GENERAL INFORMATION
fixed length control field 260428b |||||||| |||| 00| 0 eng d
082 ## - DEWEY DECIMAL CLASSIFICATION NUMBER
Classification number 631.37
Item number D37D
100 ## - MAIN ENTRY--PERSONAL NAME
Personal name Kumar, Devendra
245 ## - TITLE STATEMENT
Title Design and Development of Preheater Cum Roaster for Makhana Processing
260 ## - PUBLICATION, DISTRIBUTION, ETC. (IMPRINT)
Place of publication, distribution, etc Pusa, Samasatipur
Name of publisher, distributor, etc RAU
Date of publication, distribution, etc 1997
300 ## - PHYSICAL DESCRIPTION
Extent 56P.
502 ## - DISSERTATION NOTE
Degree type Msc.
Year degree granted 1997
650 ## - SUBJECT ADDED ENTRY--TOPICAL TERM
Topical term or geographic name as entry element Post Harvest Technology & Agricultural Structure
942 ## - ADDED ENTRY ELEMENTS (KOHA)
Source of classification or shelving scheme
Koha item type Thesis
Holdings
Withdrawn status Lost status Source of classification or shelving scheme Damaged status Not for loan Home library Current library Date acquired Total Checkouts Full call number Barcode Date last seen Bill Date Koha item type
          Dr. Rajendra Prasad Central Agricultural University Pusa, Dr. Rajendra Prasad Central Agricultural University Pusa, 28/04/2026   631.37 D37D 46787-UL 28/04/2026 28/04/2026 Thesis
Hosted, Implemented, Customized & Maintained by: BestBookBuddies

Powered by Koha